000 00595nam a2200229Ia 4500
003 OSt
005 20220924152319.0
006 a|||||r|||| 00| 0
007 ta
008 220923b |||||||| |||| 00| 0 ara d
024 _a341963
037 _cTextual
040 _aARTS
_cARTS
_bara
041 _2ara
_aara
082 _aQ7wD608, 28F4
100 _aNasuli Anees Zakaria Au.
_9226379
245 0 _aMuavatia Ibne Abu Sufiyan
260 _c1924
650 _aISLAM
_9577
942 _hQ7wD608, 28F4
_cTEXL
_2CC
999 _c469442
_d469442